[Event "Chebanenco Memorial"]
[Site "Kishinev"]
[Date "2007.03.13"]
[Round "5"]
[White "Zhadko, Vladimir"]
[Black "Melnichenko, Alexander"]
[Result "0-1"]
[WhiteElo "2255"]
[BlackElo "2219"]
[PlyCount "100"]
[EventDate "2007.03.10"]
[EventType "tourn"]
[EventRounds "13"]
[EventCountry "MDA"]
[SourceTitle "EXT 2010"]
[Source "ChessBase"]
[SourceDate "2010.11.25"]
[SourceVersion "1"]
[SourceVersionDate "2010.11.25"]
[SourceQuality "1"]

1. e4 e5 2. Nf3 Nc6 3. Bb5 a6 4. Ba4 Nf6 5. Bxc6 dxc6 6. Qe2 c5 7. d3 Bd6 8. Nbd2 Qe7 9. Nc4 h6 10. Ne3 Be6 11. Nh4 g6 12. g3 Bh3 13. Bd2 0-0-0 14. a4 Qe6 15. f3 Nd7 16. Ng4 Be7 17. Rg1 Bxg4 18. fxg4 c4 19. dxc4 Nf6 20. 0-0-0 Qxg4 21. Qe3 b6 22. Rge1 Rd4 23. c5 Rxa4 24. Kb1 Bxc5 25. Qb3 Nxe4 26. Qd5 Kb8 27. Bc1 Nd6 28. Nf3 f6 29. Qc6 Re4 30. Rf1 Re2 31. Nd2 Rxh2 32. Rde1 Qxg3 33. Qa4 a5 34. Nb3 Nb7 35. Bd2 Rd8 36. Bc3 Qg2 37. Nd2 Rxd2 38. Bxd2 Qxd2 39. Qe8+ Ka7 40. Qxg6 Qg5 41. Qh7 Bd6 42. Rd1 h5 43. Rf3 Rg2 44. Rxd6 cxd6 45. Qc7 Rg1+ 46. Ka2 Qg4 47. Qc6 d5 48. Rb3 Qd4 49. c4 dxc4 50. Rb5 c3 0-1

[Event "Chebanenco Memorial"]
[Site "Kishinev"]
[Date "2007.03.11"]
[Round "2"]
[White "Agafii, Victor"]
[Black "Zhadko, Vladimir"]
[Result "1/2-1/2"]
[WhiteElo "2346"]
[BlackElo "2255"]
[PlyCount "65"]
[EventDate "2007.03.10"]
[EventType "tourn"]
[EventRounds "13"]
[EventCountry "MDA"]
[SourceTitle "EXT 2010"]
[Source "ChessBase"]
[SourceDate "2010.11.25"]
[SourceVersion "1"]
[SourceVersionDate "2010.11.25"]
[SourceQuality "1"]

1. d4 d6 2. e4 g6 3. c4 e5 4. Nc3 Nc6 5. d5 Nd4 6. Be3 Bg7 7. Nge2 Nxe2 8. Bxe2 f5 9. exf5 Bxf5 10. g4 Bd7 11. h4 h5 12. Qc2 hxg4 13. Qxg6+ Kf8 14. Bxg4 Be8 15. Qf5+ Bf7 16. Bg5 Qb8 17. 0-0-0 Nh6 18. Bxh6 Rxh6 19. Ne4 Kg8 20. Rdg1 Bg6 21. Qg5 Qf8 22. Be6+ Kh8 23. Qe3 Bxe4 24. Qxe4 Qf6 25. Rg4 Rf8 26. Rhg1 Rh7 27. Kb1 Qxf2 28. Qg2 Qxg2 29. R4xg2 e4 30. h5 Rf6 31. a3 e3 32. Kc2 Rf2+ 33. Kd3 1/2-1/2

[Event "Kishinev ULIM Cup"]
[Site "Kishinev"]
[Date "2005.10.16"]
[Round "9"]
[White "Hamitevici, Vladimir"]
[Black "Zhadko, Vladimir"]
[Result "1/2-1/2"]
[WhiteElo "2284"]
[BlackElo "2238"]
[PlyCount "87"]
[EventDate "2005.10.08"]
[EventType "swiss"]
[EventRounds "9"]
[EventCountry "MDA"]
[SourceTitle "CBM 108 Extra"]
[Source "ChessBase"]
[SourceDate "2005.11.04"]
[SourceVersion "1"]
[SourceVersionDate "2005.11.04"]
[SourceQuality "1"]

1. e4 e6 2. d4 d5 3. Nd2 Nd7 4. Bd3 dxe4 5. Nxe4 Ngf6 6. Nxf6+ Nxf6 7. Nf3 Be7 8. Bg5 Bd7 9. Qe2 Bc6 10. 0-0-0 Bxf3 11. Qxf3 Qd5 12. Qxd5 Nxd5 13. Bd2 Bf6 14. c3 h5 15. Rhe1 0-0-0 16. Kc2 g6 17. Re4 Ne7 18. Bf4 Nf5 19. Be5 Bxe5 20. Rxe5 c6 21. Bxf5 gxf5 22. h4 Rdg8 23. g3 Rg4 24. Rd3 Kd7 25. f4 Rhg8 26. Ree3 b5 27. Kd2 Rb8 28. Ke2 Rb6 29. b3 Rg8 30. Kf3 Rd8 31. Re2 Ke7 32. Ke3 Rd5 33. Rc2 Rb7 34. c4 Rd8 35. cxb5 cxb5 36. Rc5 Rb6 37. d5 Ra6 38. Rxb5 Rxa2 39. d6+ Kf6 40. Rb7 Ra6 41. b4 Rb6 42. Rxa7 Rxb4 43. Ra6 Re4+ 44. Kf3 1/2-1/2

[Event "Kishinev ULIM Cup"]
[Site "Kishinev"]
[Date "2005.10.14"]
[Round "7"]
[White "Untila, Stela"]
[Black "Zhadko, Vladimir"]
[Result "0-1"]
[WhiteElo "2026"]
[BlackElo "2238"]
[PlyCount "58"]
[EventDate "2005.10.08"]
[EventType "swiss"]
[EventRounds "9"]
[EventCountry "MDA"]
[SourceTitle "CBM 108 Extra"]
[Source "ChessBase"]
[SourceDate "2005.11.04"]
[SourceVersion "1"]
[SourceVersionDate "2005.11.04"]
[SourceQuality "1"]

1. c4 d6 2. Nc3 Nd7 3. g3 a6 4. Bg2 Rb8 5. a4 a5 6. d4 e5 7. e4 exd4 8. Qxd4 Nc5 9. Qd1 Be6 10. b3 Be7 11. Be3 Bf6 12. Rc1 c6 13. Nge2 h5 14. h4 Be7 15. Nf4 Nf6 16. Bxc5 dxc5 17. Nxe6 fxe6 18. e5 Ng4 19. Qe2 Qd4 20. f4 Rd8 21. Nd1 0-0 22. Bf3 Bxh4 23. gxh4 Qxf4 24. Bxg4 Qg3+ 25. Nf2 hxg4 26. Rf1 Rf5 27. Rd1 Qc3+ 28. Rd2 Rxe5 29. Kd1 Qa1+ 0-1

[Event "Kishinev ULIM Cup"]
[Site "Kishinev"]
[Date "2005.10.12"]
[Round "5"]
[White "Demeanciuc, Stanislav"]
[Black "Zhadko, Vladimir"]
[Result "1-0"]
[WhiteElo "2020"]
[BlackElo "2238"]
[PlyCount "45"]
[EventDate "2005.10.08"]
[EventType "swiss"]
[EventRounds "9"]
[EventCountry "MDA"]
[SourceTitle "CBM 108 Extra"]
[Source "ChessBase"]
[SourceDate "2005.11.04"]
[SourceVersion "1"]
[SourceVersionDate "2005.11.04"]
[SourceQuality "1"]

1. e4 e6 2. d4 d5 3. Nd2 Nd7 4. Ngf3 dxe4 5. Nxe4 Ndf6 6. Ng3 Ne7 7. Be2 Nf5 8. Nxf5 exf5 9. 0-0 Be7 10. c4 0-0 11. a3 c6 12. Qc2 Ne4 13. Bd3 Be6 14. b3 b5 15. Re1 Bf6 16. Be3 Rc8 17. Rad1 bxc4 18. bxc4 Qa5 19. Bxe4 fxe4 20. Nd2 Bg4 21. Rc1 Bf5 22. Nxe4 Qd8 23. Bf4 1-0

[Event "Kishinev ULIM Cup"]
[Site "Kishinev"]
[Date "2001.10.15"]
[Round "9"]
[White "Diulger, Alexey"]
[Black "Zhadko, Vladimir"]
[Result "1-0"]
[WhiteElo "2310"]
[BlackElo "2315"]
[PlyCount "83"]
[EventDate "2001.10.07"]
[EventType "swiss"]
[EventRounds "9"]
[EventCountry "MDA"]
[SourceTitle "EXT 2002"]
[Source "ChessBase"]
[SourceDate "2001.11.25"]
[SourceVersion "1"]
[SourceVersionDate "2001.11.25"]
[SourceQuality "1"]

1. d4 Nf6 2. Nf3 e6 3. Bg5 h6 4. Bh4 b6 5. e3 Bb7 6. Nbd2 Be7 7. h3 d6 8. Bd3 Nc6 9. c3 Nh5 10. Bxe7 Qxe7 11. Qc2 Nf6 12. 0-0-0 a6 13. Rhe1 Bc8 14. Ne4 Na5 15. Nxf6+ gxf6 16. d5 Nb7 17. dxe6 fxe6 18. Bg6+ Kd7 19. e4 c6 20. e5 fxe5 21. Nxe5+ Kc7 22. Nf3 a5 23. Re3 Qf6 24. h4 Rf8 25. h5 e5 26. Rd2 Be6 27. b3 a4 28. b4 b5 29. a3 Rad8 30. Qe4 Bg8 31. Qg4 Qg7 32. g3 Rf6 33. Nh4 Qf8 34. Qe2 Bc4 35. Qe1 Rd7 36. f3 Nd8 37. g4 Bd5 38. Be4 Bxe4 39. Rxe4 Qf7 40. Qd1 Ne6 41. Re3 Nf4 42. Kb2 1-0